Individual sports for women./ (Record no. 76937)
[ view plain ]
| 000 -LEADER | |
|---|---|
| fixed length control field | 00832cam a22002531 4500 |
| 001 - CONTROL NUMBER | |
| control field | 76937 |
| 003 - CONTROL NUMBER IDENTIFIER | |
| rucl marc code | BD-RjUL |
| 005 - DATE AND TIME OF LATEST TRANSACTION | |
| control field | 20211209082916.0 |
| 008 - FIXED-LENGTH DATA ELEMENTS--GENERAL INFORMATION | |
| fixed length control field | 200207s19671963paua 000 0 eng |
| 035 ## - SYSTEM CONTROL NUMBER | |
| System control number | (BD-RjUL)77161 |
| 040 ## - CATALOGING SOURCE | |
| Original cataloging agency | DLC |
| Transcribing agency | DLC |
| Modifying agency | DLC |
| Language of cataloging | eng |
| 041 ## - LANGUAGE CODE | |
| Language code of text/sound track or separate title | eng |
| 082 00 - DEWEY DECIMAL CLASSIFICATION NUMBER | |
| Classification number | 796 |
| Edition number | 23 |
| Author mark and year | IND 1967 |
| 245 00 - TITLE STATEMENT | |
| Title | Individual sports for women./ |
| Statement of responsibility, etc. | Dorothy S. Ainsworth, editor [and others] Illustrated by Virginia Dix Sterling, Hugh C. Pape [and] Anne Fisher Tatlock. |
| 250 ## - EDITION STATEMENT | |
| Edition statement | 4th ed. |
| 260 ## - PUBLICATION, DISTRIBUTION, ETC. (IMPRINT) | |
| Place of publication, distribution, etc. | Philadelphia, |
| Name of publisher, distributor, etc. | Saunders, |
| Date of publication, distribution, etc. | 1963. |
| 300 ## - PHYSICAL DESCRIPTION | |
| Pagination | 326 p. |
| Illustrations | illus. |
| Size | 26 cm. |
| 650 #0 - SUBJECT ADDED ENTRY--TOPICAL TERM | |
| Topical term or geographic name as entry element | Sports for women. |
| 9 (RLIN) | 238989 |
| 700 1# - ADDED ENTRY--PERSONAL NAME | |
| Personal name | Ainsworth, Dorothy S. |
| Fuller form of name | (Dorothy Sears), |
| Dates associated with a name | 1894-1976 |
| 906 ## - LOCAL DATA ELEMENT F, LDF (RLIN) | |
| a | 7 |
| b | cbc |
| c | orignew |
| d | u |
| e | ocip |
| f | 19 |
| g | y-gencatlg |
| 942 ## - ADDED ENTRY ELEMENTS (KOHA) | |
| Source of classification or shelving scheme | Dewey Decimal Classification |
| Koha item type | Books |
| Lost status | Source of classification or shelving scheme | Damaged status | Not for loan | Collection code | Permanent Location | Current Location | Shelving location | Date acquired | Source of acquisition | Cost, normal purchase price | Total Checkouts | Full call number | Date last seen | Copy number | Koha item type |
|---|---|---|---|---|---|---|---|---|---|---|---|---|---|---|---|
| Dewey Decimal Classification | Not For Loan | Non-fiction | Central Library, University of Rajshahi | Central Library, University of Rajshahi | Reading Room | 10/02/1970 | Zeitlinger | 59.00 | 796 IND 1967 | 08/02/2020 | C-1 | Books |